Movies Quiz

Random Movies or Clickable Quiz

Follow That Line: Indiana Jones Quiz Stats

 Plays Quiz Updated Sep 22, 2017

Score 0/25 Timer 10:00
0 Plays Today
% Correct
He no nuts, he's crazy!
93.3%
Fly, yes. Land, no.
92.9%
And my mother's ears but the rest belongs to you.
92.7%
I always turn up.
91.4%
Who, Atilla The Professor? He was never giddy, even when he was a schoolboy.
90%
She talks in her sleep.
89.5%
Well, say it again anyway!
89.3%
Are you kidding? I made all that up. You know Marcus. He once got lost in his own museum.
88.5%
Mummies.
87.9%
Try the local sewer.
87.2%
Always overdressing for the wrong occasions.
86.1%
I had bugs for lunch.
85.3%
Come on! Show a little backbone, will ya!
84.5%
% Correct
So do you.
82.1%
It's not the years, honey, it's the mileage.
80.4%
Aw, he's being generous.
80.3%
It's a long story. Better hurry up or you won't get to hear it.
79.5%
I had a milkshake.
77.4%
No thank you, sir, no. Fish make love in it.
76.1%
But that doesn't mean you have to like it.
74.8%
Only on special occasions.
73.2%
Hard to believe, isn't it?
71.3%
Aid our own resuscitation.
70%
Maybe he likes older women.
64.1%
You left just as you were becoming interesting.
58.9%

You're not logged in!

Compare scores with friends on all Sporcle quizzes.
OR
Log In

Sporcle TV

Today on Sporcle TV


Watch our educational content, quiz creation guides, and fun videos on Sporcle TV.

Show Comments

Extras

Top Quizzes Today


Score Distribution

Your Account Isn't Verified!

In order to create a playlist on Sporcle, you need to verify the email address you used during registration. Go to your Sporcle Settings to finish the process.

Report this User

Report this user for behavior that violates our Community Guidelines.

Details: